Estadística

Wedi'i Gadw mewn:
Manylion Llyfryddiaeth
Prif Awdur: Eldin, Francois (Awdur)
Fformat: Llyfr
Iaith:Sbaeneg
Cyhoeddwyd: Santiago Universidad de Chile 1970
Pynciau:
Tagiau: Ychwanegu Tag
Dim Tagiau, Byddwch y cyntaf i dagio'r cofnod hwn!

MARC

LEADER 00000nam a2200000 a 4500
001 UCU3023
003 CL-VaPUC
008 960502e19700000CL |||||||||||||||||spa|d
082 0 4 |a 519.2  |b ELD  |2 21 
100 0 |a Eldin, Francois  |e author  |9 359683 
245 1 0 |a Estadística 
300 |a v 
942 |c BK 
945 |d 19960502 00:00:00  |a cmena 
260 |a Santiago  |b Universidad de Chile  |c 1970 
500 |a v.1: Estadística descriptiva 
500 |a v.4: Del conocimiento de la muestra a la decisión: teoría de los test, teoría de la regresión, teoría de la decisión 
650 0 |a Análisis estadístico  |9 269506 
650 0 |a Teoría de probabilidades   |9 336944 
650 7 |a DIAGRAMAS NUMERICOS  |2 CL-VaPUC  |9 359671 
650 7 |a METODOS EMPIRICOS  |2 CL-VaPUC  |9 359672 
650 0 |a Análisis de datos  |9 269871 
650 0 |a Análisis de correlación  |9 359673 
650 0 |a Análisis de regresión   |9 263763 
583 |a last modification  |c 19960502 00:00:00  |k Rodrigo Vera 
999 |c 247162  |d 247160